| 000 | 00000nam 2200000zi 4500 |
| 001 | 9.936279 |
| 003 | CaOODSP |
| 005 | 20240411100022 |
| 006 | m o d f |
| 007 | cr |n||||||||| |
| 008 | 240403e202404 pica o f000 0 fre d |
| 020 | |a9780660711386 |
| 040 | |aCaOODSP|bfre|erda|cCaOODSP |
| 043 | |an-cn--- |
| 086 | 1 |aV32-456/2024F-PDF |
| 245 | 03|aUn répertoire des sources de données d'enquêtes décrivant la santé et le bien-être des vétérans et du personnel militaire canadiens / |cDirection de la recherche, Anciens Combattants Canada : Whitney Jakobsen, analyste; Laura Carvalho, étudiante; Amy Hall, Ph. D., épidémiologiste principale. |
| 264 | 1|a[Charlottetown, Île-du-Prince-Édouard] : |bAnciens combattants Canada = Veterans Affairs Canada, |cavril 2024. |
| 264 | 4|c©2024 |
| 300 | |a1 ressource en ligne (23 pages) : |billustrations |
| 336 | |atexte|btxt|2rdacontent/fre |
| 337 | |ainformatique|bc|2rdamedia/fre |
| 338 | |aressource en ligne|bcr|2rdacarrier/fre |
| 500 | |aPublié aussi en anglais sous le titre : An inventory of survey data sources describing the health and well-being of Canadian veterans and military personnel. |
| 650 | 6|aAnciens combattants|xSanté et hygiène|zCanada|xSources d'information. |
| 650 | 6|aMilitaires|xSanté et hygiène|zCanada|xSources d'information. |
| 700 | 1 |aJakobsen, Whitney. |
| 710 | 1 |aCanada. |bAnciens combattants Canada, |eorganisme de publication. |
| 775 | 08|tAn inventory of survey data sources describing the health and well-being of Canadian veterans and military personnel / |w(CaOODSP)9.934874 |
| 856 | 40|qPDF|s734 Ko|uhttps://publications.gc.ca/collections/collection_2024/acc-vac/V32-456-2024-fra.pdf |